Manufacturing science (Record no. 163987)

MARC details
000 -LEADER
fixed length control field 00394nam a2200145Ia 4500
008 - FIXED-LENGTH DATA ELEMENTS--GENERAL INFORMATION
fixed length control field 231217s9999 xx 000 0 und d
041 ## - LANGUAGE CODE
Language code of text/sound track or separate title English
082 ## - DEWEY DECIMAL CLASSIFICATION NUMBER
Classification number 670 GHO;2
100 ## - MAIN ENTRY--PERSONAL NAME
Personal name Ghosh, Amitabha. Mallik, Asok Kumar.
245 #0 - TITLE STATEMENT
Title Manufacturing science
260 ## - PUBLICATION, DISTRIBUTION, ETC.
Date of publication, distribution, etc. 1985
Name of publisher, distributor, etc. New Delhi : Affiliated East-West Press,,
300 ## - PHYSICAL DESCRIPTION
Extent x+433
650 ## - SUBJECT ADDED ENTRY--TOPICAL TERM
Topical term or geographic name entry element Manufacturing science
942 ## - ADDED ENTRY ELEMENTS (KOHA)
Koha item type Books
Holdings
Date last seen Total checkouts Full call number Accession number Cost, total (INR) price Price effective from Category Lost status Damaged status Department Withdrawn status Home library Current library Shelving location Entry date Cost, normal purchase price Grants Billnumber Billdate Currency symbol Conversion rate Discount Old discount Vendor Public note
26/01/2024   670 GHO;2 8205 80.75 26/01/2024 Books     Central Library   Central Library Central Library Central Library 17/01/1996 95.00 ME 688 02/12/1998 RS 1 14.25 15    
26/01/2024   670 GHO;3 8206 80.75 26/01/2024 Books     Central Library   Central Library Central Library   17/01/1996 95.00 ME 688 02/12/1998 RS 1 14.25 15 Mega Books  
26/01/2024   670 GHO;4 8468 80.75 26/01/2024 Books     Central Library   Central Library Central Library Central Library 15/02/1996 95.00 ME 688 01/01/1999 RS 1 14.25 15   repl/me/5236

© For any Suggestions or Query, please contact the library staff @ librarian@pes.edu or Phone: +9180 2672 1983/ 2108.